Alle Stationen der Linie S6 (NRW) - Statistiken

Allgemein
  • Dieses Quiz wurde 77 mal gespielt
    15 seit der letzten Aktualisierung
  • Das Durchschnittsergebnis liegt bei 17 aus 42
Antwortstatistiken
Station % Korrekt
Düsseldorf Hbf
92%
Köln Hbf
75%
Essen Hbf
67%
Düsseldorf Rath
58%
Düsseldorf Zoo
58%
Köln Mülheim
58%
Düsseldorf Benrath
50%
Düsseldorf Derendorf
50%
Köln Hansaring
50%
Köln Messe/Deutz
50%
Köln Nippes
50%
Langenfeld
50%
Leverkusen Mitte
50%
Düsseldorf Eller Süd
42%
Düsseldorf Garath
42%
Düsseldorf Reisholz
42%
Düsseldorf Volksgarten
42%
Düsseldorf Wehrhahn
42%
Essen Kettwig
42%
Essen Werden
42%
Köln Worringen
42%
Ratingen Hösel
42%
Ratingen Ost
42%
Düsseldorf Oberbilk
33%
Essen Hügel
33%
Köln Buchforst
33%
Köln Chorweiler
33%
Köln Chorweiler Nord
33%
Leverkusen Chempark
33%
Düsseldorf Hellerhof
25%
Düsseldorf Rath Mitte
25%
Essen Kettwig Stausee
25%
Essen Stadtwald
25%
Essen Süd
25%
Köln Longerich
25%
Langenfeld-Berghausen
25%
Leverkusen Küppersteg
25%
Köln Blumenberg
17%
Köln Geldernstraße/Parkgürtel
17%
Köln Stammheim
17%
Köln Volkhovener Weg
17%
Leverkusen Rheindorf
17%
Keine übereinstimmenden Quizze gefunden
Verteilung der Resultate
Anzahl Personen mit jedem Resultat
Perzentil nach korrekt beantworteten Fragen
Ihre Resultats-Entwicklung
Sie haben dieses Quiz seit der letzten Aktualisierung nicht gespielt